Представление документа в формате MARC21

Поле Инд. ПП Название Значение
Тип записи a
Библиографический уровень m
001 _ Контрольный номер RU/ЭБС IPR BOOKS/23931
005 Дата корректировки 20250915131252.2
008 Кодируемые данные 211122s2010 RU y f j 000 1 rus u
020 a ISBN 2227-8397
040 c Служба, преобразующая запись ЭБС IPR BOOKS
041 a Код языка текста rus
044 a Код страны публикации RU
080 a Индекс УДК 79
084 2 Источник индекса rubbk
a Индекс другой классификации/Индекс ББК 75
245 a Заглавие Спортивные игры
b Продолж. заглавия учебно-практическое пособие
c Ответственность составители: Е. О. Ширшова, А. В. Волков
250 g Весь срок охраны авторского права
a Основные сведения об издании Спортивные игры
256 a Характеристики компьютерного файла Электрон. дан. (1 файл)
260 a Место издания Калининград
b Издательство Балтийский федеральный университет им. Иммануила Канта
c Дата издания 2010
300 a Объем 63 с.
500 a Примечание Книга находится в премиум-версии ЭБС IPR BOOKS.
516 a Прим. о типе комп. файла/ данных Текст
520 a Аннотация Включает краткий конспект содержания лекционного курса как ориентир для изучения теоретического раздела дисциплины и задания для самостоятельной работы студентов, а также глоссарий, список рекомендуемой литературы и перечень вопросов, выносимых на итоговую аттестацию. Предназначено для студентов III курса дневного отделения и V курса заочного отделения факультета физической культуры и спорта.
521 a Примеч. о целев. назн. Весь срок охраны авторского права
538 a Прим. о системных особенностях электронный
653 a Ключевые слова Спортивная игра
653 a Ключевые слова физическая культура
653 a Ключевые слова спорт
653 a Ключевые слова соревновательная деятельность
653 a Ключевые слова соревнование
653 a Ключевые слова подвижная игра
653 a Ключевые слова олимпийская игра
653 a Ключевые слова физическое совершенствование
653 a Ключевые слова здоровье
700 1_ a Другие авторы Ширшова, Е. О.
4 Код отношения 220
700 1_ a Другие авторы Волков, А. В.
4 Код отношения 220
856 4_ u URL http://www.iprbookshop.ru/23931.html
z Примечание для пользователя Участвует в КО